000 00338nam a22001337a 4500
020 _a0-7102-1312-3
082 _a621.3678 HAR'S
100 _aHARRIS, RAY
_965148
245 _aSATELLITE REMOTE SENSING , AN INTRODUCTION
260 _aLONDON
_bROUTLEDGE & KOGAN
_c1987
300 _a220P
650 _aREMOTE SENSING
_923827
942 _cBK
999 _c573452
_d573452